| 000 | 00419nam a2200169Ia 4500 | ||
|---|---|---|---|
| 008 | 221030s9999 xx 000 0 und d | ||
| 020 | _a0201352249 | ||
| 041 | _aEnglish | ||
| 082 |
_a105.23 _bSet |
||
| 100 | _aR. Sethi | ||
| 245 | 0 |
_aProgramming Languages - Concepts & Construts _cby R. Sethi |
|
| 250 | _a2nd | ||
| 260 |
_bAddison Wesley _aNew Delhi _c1996 |
||
| 300 | _a640 | ||
| 650 | _aBE Computer | ||
| 942 | _cBK | ||
| 999 |
_c5908 _d5908 |
||